| 000 | 00420nam a22001697a 4500 | ||
|---|---|---|---|
| 003 | OSt | ||
| 005 | 20260520092819.0 | ||
| 008 | 260520b |||||||| |||| 00| 0 eng d | ||
| 040 | _cAL | ||
| 041 | _hEnglish | ||
| 082 | _a370.25 MAHF | ||
| 100 |
_aMahua Basu _9264149 |
||
| 245 | _aFundamentals of enviornmental studies | ||
| 260 |
_aNew delhi _bCambridge university press _c2016 |
||
| 650 | _2env | ||
| 942 |
_2ddc _cBED |
||
| 999 |
_c241455 _d241455 |
||